01777nam1a22003131i 4500001001100000005001700011035002600028100004100054101001300095102000700108105001800115200052200133210012500655300027300780700004001053702003901093702003301132702002301165702002501188702002501213702003401238702003001272702003201302702003601334702003401370801001801404801002201422852001901444rc\292655320240723211403.0 a(NLR Aleph) 007076326 a20110816d1933 |||y0rusy50 ca1 aruscger aRU ay z |||||1 aОсновы акушерстваeТ. I-IIfВ. ШтеккельgСост.: Г. Бессау (Лейпциг), М. Вальтхард (Цюрих), О. Хене (Грейфсвальд), Л. Зейц (Франкфурт н/М.), Б. Оттов (Берлин), О. Фон Франке (Бонн), В. Штеккель (Берлин), Р. Фон Яшке (Гиссен)gПер. с 3, доп. и испр. изд. под ред. В. С. Груздева, С. Б. Рафалькеса и И. И. Фейгеля aМоскваaЛенинградcМедгизd1933eМоскваg16 тип. треста "Полиграфкнига" aНа обороте тит. л.: "Lehrbuch der Geburtshilfe. Bearbeiten von prof. dr. G. Bessau (Leipzig), prof. dr. O. von Franqué (Bonn), prof. dr. O. Hoehne (Greifswald). Herausgegeben von prof. dr. W. Stoeckel, Direktor der Universitäts-frauenklinik in Berlin" 1aШтекельbВ.gВальтер 1aБессауbГ.gГеорг4220 1aВальтхардbМ.4220 1aХенеbО.4220 1aЗейцbЛ.4220 1aОттовbБ.4220 1aФон ФранкеbО.4220 1aФон ЯшкеbР.4220 1aГруздевbВ.С.4340 1aРафалькесbС.Б.4340 1aФейгельbИ.И.4340 0aRUbNLRgpsbo 1aRUbELAR2rusmarc aNLRj33-18/724